| 000 | 01211nam a2200229Ia 4500 | ||
|---|---|---|---|
| 001 | L241-13940 | ||
| 003 | IT-CnALBA | ||
| 008 | 170116s9999||||xx |||||||||||||| ||und|| | ||
| 040 |
_aIT-CnALBA _cIT-CnALBA |
||
| 041 | _aITALIANO | ||
| 100 | _aMAUCOURANT FRANCESCO, CANONICO. | ||
| 245 | 0 | _aDELL'UBBIDIENZA: RIFLESSIONI E PRATICA. | |
| 250 | _a1a ed. | ||
| 260 |
_a TO BO CT PA _bSOCIETÀ ED. INTER. _c1924 [1° Ed.: n.d.] |
||
| 300 | _a194 p. (prefazione: 7) | ||
| 500 | _aTRADUZIONE DAL FRANCESE DI D. MASSIMO ALBERA. NECESSITÀ. GRANDEZZA DELL'UBBIDIENZA. VOTO. PRECETTO. SOPRANNATURALE. PRONTA. TOTALE. VANTAGGI. GESÙ MODELLO. REGOLA. VIRTÙ ANNESSE E CONNESSE. SUPERIORI. DIRETTORI SPIRITUALI. ORGOGLIO. SCRUPOLI. PERSEVERANZA | ||
| 501 | _aSocietà San Paolo EM - Piazza San Paolo, 14 - 12051 ALBA (CN) (non commercial uses only) ® Copyright 2017 | ||
| 520 | _aTRADUZIONE DAL FRANCESE DI D. MASSIMO ALBERA. NECESSITÀ. GRANDEZZA DELL'UBBIDIENZA. VOTO. PRECETTO. SOPRANNATURALE. PRONTA. TOTALE. VANTAGGI. GESÙ MODELLO. REGOLA. VIRTÙ ANNESSE E CONNESSE. SUPERIORI. DIRETTORI SPIRITUALI. ORGOGLIO. SCRUPOLI. PERSEVERANZA | ||
| 650 | _aMORALE CATTOLICA | ||
| 942 | _cBK | ||
| 957 | _71 | ||
| 999 |
_a18692 _bSI _g Copie: 1 _c273115 _d273115 |
||